|
|
|
|
| LEADER |
00000nam2a2200000 4500 |
| 001 |
38475 |
| 005 |
20231101210512.0 |
| 035 |
|
|
|a (RuTPU)RU\TPU\book\39232
|
| 090 |
|
|
|a 38475
|
| 100 |
|
|
|a 20020306d2001 m y0rusy50 ca
|
| 101 |
0 |
|
|a rus
|
| 102 |
|
|
|a RU
|
| 105 |
|
|
|a a j 000zy
|
| 200 |
0 |
|
|a Ч.1. Линейные электрические цепи
|
| 210 |
|
|
|d 2001
|
| 215 |
|
|
|a 129 с.
|c ил.
|
| 451 |
|
1 |
|0 (RuTPU)RU\TPU\book\10810
|t Ч. 1: Линейные электрические цепи
|d 1999
|p 132 с.
|
| 461 |
|
1 |
|0 (RuTPU)RU\TPU\book\39433
|t Основы теории цепей
|f А. М. Купцов
|g Томский политехнический университет (ТПУ), Институт дистанционного образования (ИДО)
|v Ч. 1: Линейные электрические цепи
|e 2-е изд., перераб. и доп.
|d 2001
|
| 606 |
1 |
|
|a Электрические цепи, линейные
|x Теория
|2 stltpush
|3 (RuTPU)RU\TPU\subj\27771
|9 51470
|
| 610 |
1 |
|
|a электротехника
|
| 610 |
1 |
|
|a электрические цепи
|
| 610 |
1 |
|
|a линейные цепи
|
| 610 |
1 |
|
|a свойства
|
| 610 |
1 |
|
|a расчет
|
| 610 |
1 |
|
|a четырехполюсники
|
| 610 |
1 |
|
|a трехфазные цепи
|
| 610 |
1 |
|
|a учебные пособия
|
| 610 |
1 |
|
|a труды учёных ТПУ
|
| 675 |
|
|
|a 621.3.011.7(075.8)
|v 3
|
| 801 |
|
1 |
|a RU
|b 63413507
|c 20020306
|g PSBO
|
| 801 |
|
2 |
|a RU
|b 63413507
|c 20201207
|g PSBO
|
| 900 |
|
|
|a Основы теории электрических цепей
|
| 942 |
|
|
|c BK
|